Úvod

Bibliographic Details
Main Author: Telgársky, Jozef, 1919-1998 (Author)
Format: Article
Language:Slovak
Subjects:

MARC

LEADER 00000nab a2200000 a 4500
001 vtls008694623
003 SK-MaSNL
005 20260304134446.0
008 250505|1976 xo |||| || ||00 0|slo
015 |a SNBRA2004 
035 |a (uuid)ece5685e-a03e-4ec0-af05-d284ae0937a3 
035 |a urn:nbn:sk:snk-abx19 
035 |a (urnnbn)urn:nbn:sk:snk:ar-a03oo2 
040 |a SNKBUCL  |b slo  |c SNKBUCL  |e AACR2 
041 0 |a slo 
044 |a xo  |c SK 
080 |a 008  |x (058)  |2 1997 
080 |a 082.2  |2 1997 
100 1 |a Telgársky, Jozef,  |d 1919-1998  |4 aut  |9 37662 
245 1 0 |a Úvod  |c Jozef Telgársky 
650 0 7 |a knižná kultúra  |2 snkbucl  |9 31235 
650 0 7 |a dejiny knižnej kultúry  |2 snkbucl  |9 71470 
650 0 7 |a zborníky  |2 snkbucl  |9 108488 
655 7 |a úvody  |2 snkbucl  |9 770531 
773 0 |t Kniha '74  |d Martin : Matica slovenská, 1976  |g S. 5-6 
850 |a Slovenská národná knižnica 
852 |a Slovenská národná knižnica 
954 |a odborná, vedecká literatúra pôvodná (slovenská)  |2 lita 
958 |a article27 
958 |a KL 
958 |a OND 
958 |a EUIPO 
999 |c 2906894  |d 2908824